LEADER 01182nam a2200301 i 4500 001 991001189689707536 005 20020507184916.0 008 980205s1990 de ||| | eng 020 $a3540127607 035 $ab10813263-39ule_inst 035 $aLE01308438$9ExL 040 $aDip.to Matematica$beng 082 0 $a519.4 084 $aAMS 65H10 100 1 $aAllgower, Eugene L.$023259 245 10$aNumerical continuation methods :$ban introduction /$cEugene L. Allgower, Kurt Georg 260 $aBerlin :$bSpringer-Verlag,$cc1990 300 $axiv, 388 p. :$bill. ;$c25 cm 490 0 $aSpringer series in computational mathematics,$x0179-3632 ;$v13 500 $aIncludes bibliographical references (p. 346-382) and index 650 4$aContinuation methods 700 1 $aGeorg, Kurt$eauthor$4http://id.loc.gov/vocabulary/relators/aut$0338847 907 $a.b10813263$b23-02-17$c28-06-02 912 $a991001189689707536 945 $aLE013 65H ALL11 (1990)$g1$i2013000096513$lle013$o-$pE0.00$q-$rl$s- $t0$u0$v0$w0$x0$y.i10918942$z28-06-02 996 $aNumerical continuation methods$932447 997 $aUNISALENTO 998 $ale013$b01-01-98$cm$da $e-$feng$gde $h0$i1 LEADER 01652oam 2200469M 450 001 9910716233303321 005 20200213070520.8 035 $a(CKB)5470000002519794 035 $a(OCoLC)1065808368 035 $a(OCoLC)995470000002519794 035 $a(EXLCZ)995470000002519794 100 $a20071213d1926 ua 0 101 0 $aeng 135 $aurcn||||||||| 181 $ctxt$2rdacontent 182 $cc$2rdamedia 183 $acr$2rdacarrier 200 10$aConsideration of the rivers and harbors bill. May 17, 1926. -- Referred to the House Calendar and ordered to be printed 210 1$a[Washington, D.C.] :$c[U.S. Government Printing Office],$d1926. 215 $a1 online resource (1 pages) 225 1 $aHouse report / 69th Congress, 1st session. House ;$vno. 1226 225 1 $a[United States congressional serial set] ;$v[serial no. 8537] 300 $aBatch processed record: Metadata reviewed, not verified. Some fields updated by batch processes. 300 $aFDLP item number not assigned. 606 $aHarbors 606 $aNavigation 606 $aBodies of water 606 $aRivers 608 $aLegislative materials.$2lcgft 615 0$aHarbors. 615 0$aNavigation. 615 0$aBodies of water. 615 0$aRivers. 701 $aSnell$b Bertrand Hollis$f1870-1958$pRepublican (NY)$01388514 801 0$bWYU 801 1$bWYU 801 2$bOCLCO 801 2$bOCLCQ 906 $aBOOK 912 $a9910716233303321 996 $aConsideration of the rivers and harbors bill. May 17, 1926. -- Referred to the House Calendar and ordered to be printed$93482174 997 $aUNINA